DIDFYZ 89. Didaktické modelovanie poznávania vo fyzike zborník Pedagogickej fakulty v Nitre. Račková dolina 18.-21. október 1989
| Corporate Author: | |
|---|---|
| Format: | Conference Proceeding Book |
| Language: | Slovak Czech Russian |
| Published: |
Nitra
Pedagogická fakulta
1991
|
| Edition: | 1. vyd. |
| Subjects: |
MARC
| LEADER | 00000cam a2200000 a 4500 | ||
|---|---|---|---|
| 001 | vtls001065380 | ||
| 003 | SK-MaSNL | ||
| 005 | 20260302030519.0 | ||
| 008 | 171129s1991 xo a f n 10000 slo | ||
| 015 | |a SNBA1991/08 | ||
| 020 | |a 8085183366 |q (brož.) | ||
| 035 | |a SNK000008210 | ||
| 040 | |a SNK |b slo |c SNK |e AACR2 | ||
| 041 | 0 | |a slo |a cze |a rus | |
| 044 | |a xo |c SK | ||
| 072 | 7 | |a 37 |x Výchova a vzdelávanie |2 konspekt | |
| 072 | 7 | |a 53 |x Fyzika |2 konspekt | |
| 080 | |a 37.02 |2 2011 | ||
| 080 | |a 53 |2 2011 | ||
| 080 | |a (062.534) |2 2011 | ||
| 111 | 2 | |a DIDFYZ 89 |n (7. : |d 1989 : |c Račková Dolina, Slovensko) |9 677352 | |
| 245 | 1 | 0 | |a DIDFYZ 89. Didaktické modelovanie poznávania vo fyzike |b zborník Pedagogickej fakulty v Nitre. Račková dolina 18.-21. október 1989 |
| 250 | |a 1. vyd. | ||
| 260 | |a Nitra |b Pedagogická fakulta |c 1991 |e Nitra |f Edičné stredisko VŠP | ||
| 300 | |a 285 s. |b grafy, sch., tab. |c 21 cm | ||
| 366 | |e 150 výt. | ||
| 500 | |a Čl. aj čes. a rus. | ||
| 504 | |a Bibliogr. odkazy | ||
| 546 | |a Text aj v češ., ruš. | ||
| 650 | 0 | 7 | |a didaktika |2 SNKPH |9 3484 |
| 650 | 0 | 7 | |a fyzika |2 SNKPH |9 816 |
| 650 | 0 | 7 | |a Didactics |2 SNKPHeng |9 266044 |
| 650 | 0 | 7 | |a Physics |2 SNKPHeng |9 266045 |
| 655 | 7 | |a zborníky konferencií |2 SNKPH |9 70153 | |
| 655 | 7 | |a Proceedings of conferences |2 SNKPHeng |9 265791 | |
| 852 | |a Štátna vedecká knižnica v Banskej Bystrici | ||
| 919 | |a 80-85183-36-6 | ||
| 958 | |a CZ | ||
| 958 | |a NB | ||
| 958 | |a RM | ||
| 999 | |c 1047721 |d 1049651 | ||
| 952 | |a SNK |b SNK |y VYP |7 0 |p 17A0330933 |o snkSC 79907 D1 |i snkKSP 5552/91 |0 0 |1 0 |4 0 |d 2002-02-04 |l 0 |r 2004-12-31 00:00:00 |w 2026-02-24 | ||
| 952 | |a SNK |b SNK |y PREZ |7 0 |p 17A0642474 |o snkSC 79907 |i snkKSP 5551/91 |0 0 |1 0 |4 0 |d 2010-02-16 |l 0 |r 2025-08-11 00:00:00 |w 2026-02-24 | ||


